| 000 | 00872nam a2200265 a 4500 | ||
|---|---|---|---|
| 001 | 53054 | ||
| 003 | BD-RJUL | ||
| 005 | 20211209075912.0 | ||
| 008 | 161002r20071991flua 001 0 eng d | ||
| 020 | _a9788120305854 | ||
| 035 | _aBD-RJUL 53174 | ||
| 040 |
_aDLC _cDLC _dYDX _dBTCTA _dYDXCP _dCDX _dDLC _dUkOxU _beng |
||
| 041 | _aeng | ||
| 082 | 0 | 0 |
_a530.13 _223 _bLOS 2007 |
| 084 | _aSCI013050 | ||
| 100 | 1 |
_aLokanathan, S _q(Michael J. R.), _d1936- _9158564 |
|
| 245 | 1 | 0 |
_aStatistical and thermal physics : _ban introduction / _cS Lokanathan; R S Gambhir |
| 260 |
_aBoca Raton, FL : _aLondon : _bCRC, _c1991 [reprint 2007] |
||
| 300 |
_axxv, 272 p. : _bill. ; _c25 cm. |
||
| 504 | _aIncludes bibliographical references and index. | ||
| 650 | 0 |
_aStatistical physics. _9158565 |
|
| 650 | 0 |
_aThermodynamics. _9158566 |
|
| 942 |
_2ddc _cBK |
||
| 999 |
_c53054 _d53054 |
||